Вып. 37; Автоматизация проектирования в электронике

Manylion Llyfryddiaeth
Parent link:Автоматизация проектирования в электронике: республиканский межведомственный научно-технический сборник/ Киевский политехнический институт (КПИ). Вып. 37.— , 1978-1991.— 0320-6920
Awduron Eraill: Сигорский В. П. Виталий Петрович (редактор)
Iaith:Rwseg
Cyhoeddwyd: 1988
Pynciau:
Fformat: Llyfr
KOHA link:https://koha.lib.tpu.ru/cgi-bin/koha/opac-detail.pl?biblionumber=258603

MARC

LEADER 00000nam2a2200000 4500
001 258603
005 20231101233319.0
020 |a RU  |b 85-69862ж 
035 |a (RuTPU)RU\TPU\book\281477 
035 |a RU\TPU\book\242531 
035 |a RU\TPU\book\242598 
090 |a 258603 
100 |a 20140425d1988 k a0rusy5003 ca 
101 0 |a rus 
102 |a UA 
105 |a a z 001zy 
200 0 |a Вып. 37  |f отв. ред. В. П. Сигорский 
210 |d 1988 
215 |a 141 с. 
461 1 |0 (RuTPU)RU\TPU\book\121569  |x 0320-6920  |t Автоматизация проектирования в электронике  |o республиканский межведомственный научно-технический сборник  |f Киевский политехнический институт (КПИ)  |v Вып. 37  |d 1978-1991 
606 1 |a Электроника  |2 stltpush  |3 (RuTPU)RU\TPU\subj\20310  |9 45419 
610 1 |a электронные приборы 
610 1 |a проектирование 
610 1 |a автоматизация 
610 1 |a теория цепей 
610 1 |a сигналы 
610 1 |a электронные схемы 
610 1 |a схемотехническое проектирование 
610 1 |a электронная техника 
675 |a 621.38  |v 3 
702 1 |a Сигорский  |b В. П.  |g Виталий Петрович  |4 340 
801 0 |a RU  |b 63413507  |c 19950417  |g psbo 
801 1 |a RU  |b 63413507  |c 20100730 
801 2 |a RU  |b 63413507  |c 20141003  |g RCR 
942 |c BK